Improving air quality in homes with supply air windows (Record no. 104855)

MARC details
000 -LEADER
fixed length control field 01078cam a2200229 4500
001 - CONTROL NUMBER
control field ##L131822
008 - FIXED-LENGTH DATA ELEMENTS--GENERAL INFORMATION
fixed length control field 051212n2003 000 0 eng u
020 ## - INTERNATIONAL STANDARD BOOK NUMBER
International Standard Book Number 1860816282
035 ## - SYSTEM CONTROL NUMBER
System control number (Sirsi) u131822
041 0# - LANGUAGE CODE
Language code of text/sound track or separate title eng
050 04 - LIBRARY OF CONGRESS CALL NUMBER
Classification number 624.1513 $2 18
100 1# - MAIN ENTRY--PERSONAL NAME
Personal name Baker, Paul
245 00 - TITLE STATEMENT
Title Improving air quality in homes with supply air windows
260 ## - PUBLICATION, DISTRIBUTION, ETC.
Place of publication, distribution, etc. London
Name of publisher, distributor, etc. BRE
Date of publication, distribution, etc. 2003
300 ## - PHYSICAL DESCRIPTION
Extent 6p
Other physical details diagrams, graphs
Dimensions 30cm
490 #0 - SERIES STATEMENT
Series statement BRE Information Paper
Volume/sequential designation IP 6/03
520 ## - SUMMARY, ETC.
Summary, etc. Supply air windows provide pre-heated ventilation air by partially reclaiming heat normally lost to the outside and by collecting solar gains. This paper describes the development of supply air windows and summarises recent research work by BRE and the Martin Centre. It also presents the results of a modelling study carried out for the design of a PSV system with supply air windows incorporated in demonstration houses.
690 ## - LOCAL SUBJECT ADDED ENTRY--TOPICAL TERM (OCLC, RLIN)
Topical term or geographic name as entry element BUILT ENVIRONMENT-BUILDING ELEMENTS-PARTS OF BUILDING ELEMENTS-OPENINGS-WINDOWS
700 1# - ADDED ENTRY--PERSONAL NAME
Personal name McEvoy, Mike
700 1# - ADDED ENTRY--PERSONAL NAME
Personal name Southall, Ryan
942 ## - ADDED ENTRY ELEMENTS (KOHA)
Suppress in OPAC 0
Holdings
Withdrawn status Lost status Source of classification or shelving scheme Damaged status Not for loan Home library Current library Shelving location Date acquired Total Checkouts Full call number Barcode Date last seen Copy number Price effective from Koha item type
    Dewey Decimal Classification     London London BRE publications 12/12/2005   ENQUIRY DESK 30061306 06/08/2019 2 06/08/2019 Book